Handbook of Organic Farming and Biofertilizers (Record no. 341500)
[ view plain ]
| 000 -LEADER | |
|---|---|
| fixed length control field | 00297nam a22001217a 4500 |
| 020 ## - INTERNATIONAL STANDARD BOOK NUMBER | |
| International Standard Book Number | 8187118032 |
| 082 ## - DEWEY DECIMAL CLASSIFICATION NUMBER | |
| Classification number | 631.584 |
| Item number | GAU/HA |
| 100 ## - MAIN ENTRY--PERSONAL NAME | |
| Personal name | Gaur,A.C |
| 9 (RLIN) | 470 |
| 245 ## - TITLE STATEMENT | |
| Title | Handbook of Organic Farming and Biofertilizers |
| 260 ## - PUBLICATION, DISTRIBUTION, ETC. (IMPRINT) | |
| Place of publication, distribution, etc. | Jaipur |
| Name of publisher, distributor, etc. | Ambica Book Agency |
| Date of publication, distribution, etc. | 2011 |
| 300 ## - PHYSICAL DESCRIPTION | |
| Extent | 667 |
| 942 ## - ADDED ENTRY ELEMENTS (KOHA) | |
| Koha item type | Books (General) |
| Withdrawn status | Lost status | Damaged status | Not for loan | Collection code | Home library | Current library | Shelving location | Date acquired | Source of acquisition | Cost, normal purchase price | Total Checkouts | Full call number | Barcode | Date last seen | Price effective from | Koha item type |
|---|---|---|---|---|---|---|---|---|---|---|---|---|---|---|---|---|
| Kelappaji College of Agricultural Engineering & Technology Library, Tavanur | Kelappaji College of Agricultural Engineering & Technology Library, Tavanur | 16/06/2016 | Ganesh Book Center Trivanrum | 1500.00 | 631.584 GAU/HA | KAU_KCAEFT-24589 | 16/06/2016 | 16/06/2016 | Books (General) |
